Handbook of Boolean algebras /

Guardado en:
Otros Autores: Monk, J. Donald 1930- (Editor ), Bonnet, Robert., Koppelberg, Sabine.
Formato: Libro
Idioma:English
Publicado: Amsterdam : North-Holland, 1989.
Materias:
Etiquetas: Agregar Etiqueta
Sin Etiquetas, Sea el primero en etiquetar este registro!
LEADER 02457cam a2200349 a 4500
001 MAT.inmabb003528
008 880727s1989####ne#a#####bf###001#0#eng##
005 20130326113509.0
245 0 0 |a Handbook of Boolean algebras /  |c edited by J. Donald Monk, with the cooperation of Robert Bonnet. 
260 |a Amsterdam :  |b North-Holland,  |c 1989. 
300 |a 3 v. (xix, 1367 p.) :  |b il. ;  |c 25 cm. 
500 |a Vol. 1 por Sabine Koppelberg. 
504 |a Incluye referencias bibliográficas e índices. 
505 0 |a Vol. 2: Thomas Jech, Distributive laws -- Bohuslav Balcar and Petr Simon, Disjoint refinement -- Robert Bonnet, Subalgebras -- Eric K. van Douwen, Cardinal functions on Boolean spaces -- J. Donald Monk, The number of Boolean algebras -- J. Donald Monk, Endomorphisms of Boolean algebras -- J. Donald Monk, Automorphism groups -- Matatyahu Rubin, On the reconstruction of Boolean algebras from their automorphism groups -- Petr Stepánek, Embeddings and automorphisms -- Mohamed Bekkali and Robert Bonnet, Rigid Boolean algebras -- Petr Stepánek and Matatyahu Rubin, Homogeneous Boolean algebras. 
505 0 |a Vol. 3: Judy Roitman, Superatomic Boolean algebras -- Sabine Koppelberg, Projective Boolean algebras -- R. S. Pierce, Countable Boolean algebras -- David H. Fremlin, Measure algebras -- Martin Weese, Decidable extensions of the theory of Boolean algebras -- Martin Weese, Undecidable extensions of the theory of Boolean algebras -- J. B. Remmel, Recursive Boolean algebras -- Dale Myers, Lindenbaum-Tarski algebras -- Thomas Jech, Boolean-valued models -- J. Donald Monk, Appendix on set theory -- Bohuslav Balcar and Petr Simon, Chart of topological duality -- Bohuslav Balcar and Petr Simon, Appendix on general topology. 
510 4 |a MR,  |c 90k:06002  |3 (v. 1) 
510 4 |a MR,  |c 90k:06003  |3 (v. 2) 
510 4 |a MR,  |c 90k:06004  |3 (v. 3) 
020 |a 0444872914 (set) 
020 |a 044470261X (v. 1) 
020 |a 0444871527 (v. 2) 
020 |a 0444871535 (v. 3) 
700 1 |a Monk, J. Donald  |q (James Donald),  |d 1930-  |4 edt 
700 1 |a Bonnet, Robert. 
700 1 |a Koppelberg, Sabine. 
650 0 |a Algebra, Boolean  |x Handbooks, manuals, etc. 
084 |a 06-02 (03B25 03C65 03D35 03G05 06Exx)  |2 MR 
010 |a  88025140  
040 |a DLC  |c DLC  |d DLC 
859 |h 06  |i H236  |p A-6358  |v 1  |3 Vol. 1  |b BIB. MATEMATICA 
859 |h 06  |i H236  |p A-6359  |v 2  |3 Vol. 2  |b BIB. MATEMATICA 
859 |h 06  |i H236  |p A-6360  |v 3  |3 Vol. 3  |b BIB. MATEMATICA